000 00504nam a22002177a 4500
003 UA-OsUOA
001 106238
007 ta
008 20140512b un ||||| |||| 00| 0 ukr d
100 _aШушарін Д.
090 _a32
_bШ98
942 _cSA
040 _aUA-OsUOA
_bukr
_cUA-OsUOA
_dUA-OsUOA
245 _aНацизм розуміє лише мову сили
300 _aС.9
955 _a0
041 _aukr
080 _a32
773 0 _w106236
650 7 _a32 Політика
_2UDC
999 _c392370
_d392370